101 mẹo đối phó với sếp

Nội dung sách đề cập đến những tình huống công việc, giao tiếp thường gặp và những cách thức cơ bản nhằm tạo dựng, duy trì mối quan hệ với cán bộ lãnh đạo thành công.

Gardado en:
Detalles Bibliográficos
Autor Principal: Minh Phương (Biên soạn)
Formato: Libro
Idioma:Vietnamese
Publicado: H. Thế giới 2017
Những chủ đề:
Các nhãn: Engadir etiqueta
Sen Etiquetas, Sexa o primeiro en etiquetar este rexistro!
Thư viện lưu trữ: Thư viện Trường Đại học Nam Cần Thơ
LEADER 01145nam a22002057a 4500
001 NCT_87587
008 201203b xxu||||| |||| 00| 0 vie d
999 |c 4316  |d 4316 
020 |a 9786047734443  |c 119000 
082 0 4 |2 23rd ed.  |a 158.26  |b Ph561 
100 0 |a Minh Phương  |e Biên soạn 
245 1 0 |a 101 mẹo đối phó với sếp  |c Minh Phương (Biên soạn) 
260 |a H.  |b Thế giới  |c 2017 
300 |a 304 tr.  |c 21cm 
520 3 |a Nội dung sách đề cập đến những tình huống công việc, giao tiếp thường gặp và những cách thức cơ bản nhằm tạo dựng, duy trì mối quan hệ với cán bộ lãnh đạo thành công. 
653 |a Tham khảo 
942 |2 ddc  |c BK 
952 |0 0  |1 0  |2 ddc  |4 0  |6 158_260000000000000_PH561  |7 0  |9 20869  |a 000001  |b 000001  |d 2020-12-03  |o 158.26 Ph561  |p TK.02258  |r 2020-12-03  |v 119000.00  |w 2020-12-03  |y BK 
952 |0 0  |1 0  |2 ddc  |4 0  |6 158_260000000000000_PH561  |7 0  |9 20870  |a 000001  |b 000001  |d 2020-12-03  |o 158.26 Ph561  |p TK.02259  |r 2020-12-03  |v 119000.00  |w 2020-12-03  |y BK 
980 |a Thư viện Trường Đại học Nam Cần Thơ